| 000 | 00621nam a22001817a 4500 | ||
|---|---|---|---|
| 999 |
_c186417 _d186417 |
||
| 005 | 20220228110907.0 | ||
| 010 | _aENG-131820 | ||
| 020 |
_a9788195391820 _c999.00 |
||
| 035 | _aEN-115352 | ||
| 037 | _bDBAD/PUB | ||
| 082 | _a621.3815 | ||
| 245 |
_aDigital System Design/ _cP. Santosh Kumar Patra [et.al...] |
||
| 260 |
_aHyderabad _bSevenHills International Publishers _c2021 |
||
| 270 |
_bHyderabad _a# 326/C, III Floor, Surneni Nilayam Near B K Guda Park, S R Nagar _e500038 |
||
| 300 |
_aviii, 526p. _c24cm(pbk) |
||
| 700 | _aPatra, P. Santosh Kumar [et.al...] | ||
| 942 |
_2ddc _cEN _h621.3815 _mPAT |
||